00918nam a2200253 4500999001500000001000600015003000900021005001700030008004100047020001800088020001500106040003300121082002000154100002100174245010200195250001200297260006400309300002900373650005800402650004800460700001800508942001200526952012600538 c8460d846022144BD-DhUAP20240319141953.0061121s2006 enka 000 0 eng  a9780521704137 a0521704138 aDLCcBD-DhUAPdBD-DhUAPbEng 219a808.042 HAM1 aHamp-Lyons, Liz.10aStudy writing :ba course in writing skills for academic purposes /cLiz Hamp-Lyons, Ben Heasley. a2nd ed. aCambridge ;aNew York :bCambridge University Press,c2010. a213 p. :bill. ;c25 cm. 0aEnglish languagexRhetoricxProblems, exercises, etc. 0aAcademic writingxProblems, exercises, etc.1 aHeasley, Ben. 2ddccBK 00102ddc4070aUAPCLbUAPCLcGeneral Stacksd2024-03-19o808.042 HAMp3010022144r2024-03-19t1v388.00w2024-03-19yBK